[Event "DEM U16 2024"]
[Site "Willingen GER"]
[Date "2024.05.23"]
[Round "7"]
[White "von Mettenheim, Johannes"]
[Black "Lutze, Max"]
[Result "1/2-1/2"]
[Termination "normal"]
[Board "1"]
[WhiteElo "2293"]
[BlackElo "2054"]
[WhiteClock "00:05:10"]
[BlackClock "00:19:50"]
[PlyCount "51"]
[WhiteFideId "16244818"]
[BlackFideId "34614850"]
[EventCountry "GER"]
[EventRounds "9"]
[EventType "swiss"]
[EventDate "2024.05.18"]

1. d4 {[%clk 01:30:58]} {[%emt 00:00:02]} Nf6 {[%clk 01:30:54]} {[%emt
00:00:06]} 2. c4 {[%clk 01:31:24]} {[%emt 00:00:04]} g6 {[%clk 01:31:21]}
{[%emt 00:00:04]} 3. Nc3 {[%clk 01:31:38]} {[%emt 00:00:15]} Bg7 {[%clk
01:31:46]} {[%emt 00:00:05]} 4. Nf3 {[%clk 01:32:00]} {[%emt 00:00:08]} O-O
{[%clk 01:32:10]} {[%emt 00:00:07]} 5. Bg5 {[%clk 01:32:27]} {[%emt 00:00:03]}
d6 {[%clk 01:32:06]} {[%emt 00:00:34]} 6. e3 {[%clk 01:32:53]} {[%emt
00:00:04]} h6 {[%clk 01:29:07]} {[%emt 00:03:29]} 7. Bh4 {[%clk 01:33:17]}
{[%emt 00:00:05]} g5 {[%clk 01:27:08]} {[%emt 00:02:29]} 8. Bg3 {[%clk
01:33:41]} {[%emt 00:00:06]} Nh5 {[%clk 01:12:09]} {[%emt 00:15:29]} 9. Be2
{[%clk 01:27:58]} {[%emt 00:06:13]} Nxg3 {[%clk 01:12:25]} {[%emt 00:00:15]}
10. hxg3 {[%clk 01:28:23]} {[%emt 00:00:05]} c5 {[%clk 01:10:03]} {[%emt
00:02:52]} 11. d5 {[%clk 01:27:40]} {[%emt 00:01:13]} e6 {[%clk 01:03:14]}
{[%emt 00:07:18]} 12. Nd2 {[%clk 01:28:02]} {[%emt 00:00:08]} Na6 {[%clk
00:59:41]} {[%emt 00:04:03]} 13. O-O {[%clk 01:14:28]} {[%emt 00:14:05]} Nc7
{[%clk 00:59:21]} {[%emt 00:00:49]} 14. dxe6 {[%clk 01:12:50]} {[%emt
00:02:08]} Bxe6 {[%clk 00:48:15]} {[%emt 00:11:37]} 15. Nde4 {[%clk 01:06:35]}
{[%emt 00:06:45]} f5 {[%clk 00:28:45]} {[%emt 00:20:00]} 16. Nxd6 {[%clk
01:03:31]} {[%emt 00:03:33]} Qe7 {[%clk 00:27:19]} {[%emt 00:01:55]} 17. Ndb5
{[%clk 01:01:32]} {[%emt 00:02:29]} Nxb5 {[%clk 00:26:19]} {[%emt 00:01:31]}
18. cxb5 {[%clk 01:01:52]} {[%emt 00:00:11]} f4 {[%clk 00:25:35]} {[%emt
00:01:14]} 19. exf4 {[%clk 00:55:03]} {[%emt 00:07:18]} Rad8 {[%clk 00:21:29]}
{[%emt 00:04:35]} 20. Qe1 {[%clk 00:51:35]} {[%emt 00:03:59]} Qf7 {[%clk
00:20:12]} {[%emt 00:01:47]} 21. Bh5 {[%clk 00:34:32]} {[%emt 00:17:33]} Qxh5
{[%clk 00:20:24]} {[%emt 00:00:18]} 22. Qxe6+ {[%clk 00:34:56]} {[%emt
00:00:07]} Kh8 {[%clk 00:20:45]} {[%emt 00:00:08]} 23. fxg5 {[%clk 00:13:44]}
{[%emt 00:21:41]} Rd2 {[%clk 00:20:27]} {[%emt 00:00:48]} 24. gxh6 {[%clk
00:11:28]} {[%emt 00:02:47]} Bd4 {[%clk 00:20:49]} {[%emt 00:00:07]} 25. Ne4
{[%clk 00:10:03]} {[%emt 00:01:55]} Re2 {[%clk 00:19:50]} {[%emt 00:01:30]} 26.
g4 {[%clk 00:05:10]} {[%emt 00:05:23]} 1/2-1/2

[Event "DEM U16 2024"]
[Site "Willingen GER"]
[Date "2024.05.23"]
[Round "7"]
[White "Sauer, Tim"]
[Black "Deschler, Arne"]
[Result "1/2-1/2"]
[Termination "normal"]
[Board "2"]
[WhiteElo "2053"]
[BlackElo "1989"]
[WhiteClock "00:03:50"]
[BlackClock "00:28:59"]
[PlyCount "109"]
[WhiteFideId "16265726"]
[BlackFideId "16274415"]
[EventCountry "GER"]
[EventRounds "9"]
[EventType "swiss"]
[EventDate "2024.05.18"]

1. d4 {[%clk 01:30:57]} {[%emt 00:00:03]} d5 {[%clk 01:30:57]} {[%emt
00:00:04]} 2. c4 {[%clk 01:31:16]} {[%emt 00:00:10]} c6 {[%clk 01:31:25]}
{[%emt 00:00:03]} 3. Nf3 {[%clk 01:31:36]} {[%emt 00:00:09]} Nf6 {[%clk
01:31:52]} {[%emt 00:00:04]} 4. e3 {[%clk 01:31:56]} {[%emt 00:00:09]} Bf5
{[%clk 01:32:15]} {[%emt 00:00:07]} 5. Nc3 {[%clk 01:32:14]} {[%emt 00:00:13]}
e6 {[%clk 01:32:40]} {[%emt 00:00:05]} 6. Nh4 {[%clk 01:31:06]} {[%emt
00:01:37]} Bg6 {[%clk 01:32:56]} {[%emt 00:00:15]} 7. Nxg6 {[%clk 01:26:03]}
{[%emt 00:05:33]} hxg6 {[%clk 01:33:19]} {[%emt 00:00:07]} 8. Bd2 {[%clk
01:26:22]} {[%emt 00:00:11]} Nbd7 {[%clk 01:31:42]} {[%emt 00:02:07]} 9. Bd3
{[%clk 01:21:21]} {[%emt 00:05:30]} Bd6 {[%clk 01:27:50]} {[%emt 00:04:23]} 10.
h3 {[%clk 01:20:23]} {[%emt 00:01:27]} Qe7 {[%clk 01:19:09]} {[%emt 00:09:12]}
11. Qe2 {[%clk 01:04:26]} {[%emt 00:16:26]} a6 {[%clk 01:12:00]} {[%emt
00:07:39]} 12. a4 {[%clk 00:29:08]} {[%emt 00:35:48]} Rd8 {[%clk 01:01:39]}
{[%emt 00:10:51]} 13. a5 {[%clk 00:23:44]} {[%emt 00:05:55]} O-O {[%clk
00:53:48]} {[%emt 00:08:20]} 14. c5 {[%clk 00:23:11]} {[%emt 00:01:03]} Bc7
{[%clk 00:52:47]} {[%emt 00:01:31]} 15. f4 {[%clk 00:20:36]} {[%emt 00:03:05]}
Nh5 {[%clk 00:48:17]} {[%emt 00:05:00]} 16. Qf2 {[%clk 00:18:23]} {[%emt
00:02:43]} f5 {[%clk 00:45:13]} {[%emt 00:03:34]} 17. b4 {[%clk 00:11:35]}
{[%emt 00:07:18]} Kf7 {[%clk 00:42:28]} {[%emt 00:03:15]} 18. Kd1 {[%clk
00:10:59]} {[%emt 00:01:06]} Nhf6 {[%clk 00:41:23]} {[%emt 00:01:35]} 19. Kc2
{[%clk 00:08:08]} {[%emt 00:03:21]} Ne4 {[%clk 00:40:35]} {[%emt 00:01:18]} 20.
Nxe4 {[%clk 00:07:49]} {[%emt 00:00:50]} dxe4 {[%clk 00:40:36]} {[%emt
00:00:28]} 21. Bc4 {[%clk 00:08:14]} {[%emt 00:00:05]} Rh8 {[%clk 00:38:12]}
{[%emt 00:02:55]} 22. g4 {[%clk 00:07:15]} {[%emt 00:01:28]} Nf6 {[%clk
00:35:58]} {[%emt 00:02:44]} 23. Rag1 {[%clk 00:05:23]} {[%emt 00:02:22]} Nd5
{[%clk 00:28:15]} {[%emt 00:08:13]} 24. Qg3 {[%clk 00:05:29]} {[%emt 00:00:24]}
Qf6 {[%clk 00:27:00]} {[%emt 00:01:45]} 25. g5 {[%clk 00:01:47]} {[%emt
00:04:12]} Qe7 {[%clk 00:25:52]} {[%emt 00:01:37]} 26. h4 {[%clk 00:02:12]}
{[%emt 00:00:05]} Rh7 {[%clk 00:23:29]} {[%emt 00:02:53]} 27. Rh3 {[%clk
00:02:12]} {[%emt 00:00:30]} Rdh8 {[%clk 00:23:19]} {[%emt 00:00:39]} 28. Rgh1
{[%clk 00:02:35]} {[%emt 00:00:08]} Bd8 {[%clk 00:21:49]} {[%emt 00:02:01]} 29.
Be2 {[%clk 00:02:49]} {[%emt 00:00:16]} Qe8 {[%clk 00:17:24]} {[%emt 00:04:55]}
30. Qg1 {[%clk 00:02:16]} {[%emt 00:01:02]} Kg8 {[%clk 00:14:09]} {[%emt
00:03:45]} 31. R1h2 {[%clk 00:02:16]} {[%emt 00:00:30]} Qf7 {[%clk 00:12:56]}
{[%emt 00:01:43]} 32. Qf1 {[%clk 00:02:22]} {[%emt 00:00:22]} Qd7 {[%clk
00:09:42]} {[%emt 00:03:47]} 33. Qg1 {[%clk 00:01:10]} {[%emt 00:01:39]} Qf7
{[%clk 00:07:38]} {[%emt 00:02:37]} 34. Qg2 {[%clk 00:00:55]} {[%emt 00:00:45]}
Qe8 {[%clk 00:06:53]} {[%emt 00:01:16]} 35. Qh1 {[%clk 00:01:19]} {[%emt
00:00:04]} Be7 {[%clk 00:03:25]} {[%emt 00:03:59]} 36. Kb2 {[%clk 00:00:52]}
{[%emt 00:00:57]} Nc7 {[%clk 00:03:26]} {[%emt 00:00:29]} 37. Ka3 {[%clk
00:00:50]} {[%emt 00:00:32]} Nd5 {[%clk 00:02:42]} {[%emt 00:01:14]} 38. Kb3
{[%clk 00:00:52]} {[%emt 00:00:28]} Nc7 {[%clk 00:03:07]} {[%emt 00:00:05]} 39.
Be1 {[%clk 00:00:36]} {[%emt 00:00:46]} Nd5 {[%clk 00:03:32]} {[%emt 00:00:05]}
40. Ka3 {[%clk 00:00:43]} {[%emt 00:00:23]} Bd8 {[%clk 00:03:09]} {[%emt
00:00:53]} 41. Bd2 {[%clk 00:13:57]} {[%emt 00:17:16]} Be7 {[%clk 00:33:05]}
{[%emt 00:00:34]} 42. h5 {[%clk 00:13:05]} {[%emt 00:01:22]} gxh5 {[%clk
00:33:23]} {[%emt 00:00:11]} 43. Rxh5 {[%clk 00:08:09]} {[%emt 00:05:27]} Rxh5
{[%clk 00:33:35]} {[%emt 00:00:18]} 44. Bxh5 {[%clk 00:05:39]} {[%emt
00:03:00]} g6 {[%clk 00:33:17]} {[%emt 00:00:48]} 45. Be2 {[%clk 00:05:51]}
{[%emt 00:00:18]} Rxh2 {[%clk 00:32:57]} {[%emt 00:00:50]} 46. Qxh2 {[%clk
00:06:17]} {[%emt 00:00:04]} Qf7 {[%clk 00:29:26]} {[%emt 00:04:02]} 47. Qh3
{[%clk 00:06:19]} {[%emt 00:00:26]} Qe8 {[%clk 00:28:25]} {[%emt 00:01:31]} 48.
Bc4 {[%clk 00:05:02]} {[%emt 00:01:48]} Kg7 {[%clk 00:28:08]} {[%emt 00:00:46]}
49. Qf1 {[%clk 00:04:15]} {[%emt 00:01:13]} Qc8 {[%clk 00:28:05]} {[%emt
00:00:38]} 50. Be2 {[%clk 00:03:48]} {[%emt 00:00:56]} Kg8 {[%clk 00:27:55]}
{[%emt 00:00:41]} 51. Qh1 {[%clk 00:03:58]} {[%emt 00:00:19]} Qe8 {[%clk
00:28:24]} 52. Bc4 {[%clk 00:04:15]} {[%emt 00:00:15]} Kg7 {[%clk 00:28:20]}
{[%emt 00:00:34]} 53. Qf1 {[%clk 00:03:31]} {[%emt 00:01:13]} Qc8 {[%clk
00:28:49]} {[%emt 00:00:02]} 54. Bxd5 {[%clk 00:03:27]} {[%emt 00:00:34]} exd5
{[%clk 00:28:59]} {[%emt 00:00:20]} 55. Qh1 {[%clk 00:03:50]} {[%emt 00:00:07]}
1/2-1/2

[Event "DEM U16 2024"]
[Site "Willingen GER"]
[Date "2024.05.23"]
[Round "7"]
[White "Semling, Julius"]
[Black "Klaska, Philipp Leon"]
[Result "1/2-1/2"]
[Termination "normal"]
[Board "3"]
[WhiteElo "2204"]
[BlackElo "2142"]
[WhiteClock "00:01:46"]
[BlackClock "00:06:16"]
[PlyCount "65"]
[WhiteFideId "16290160"]
[BlackFideId "16238044"]
[EventCountry "GER"]
[EventRounds "9"]
[EventType "swiss"]
[EventDate "2024.05.18"]

1. e4 {[%clk 01:30:58]} c5 {[%clk 01:30:48]} {[%emt 00:00:12]} 2. Nf3 {[%clk
01:31:18]} {[%emt 00:00:11]} g6 {[%clk 01:31:03]} {[%emt 00:00:14]} 3. c3
{[%clk 01:30:04]} {[%emt 00:01:45]} Bg7 {[%clk 01:28:47]} {[%emt 00:02:46]} 4.
d4 {[%clk 01:30:03]} {[%emt 00:00:31]} cxd4 {[%clk 01:29:03]} {[%emt 00:00:14]}
5. cxd4 {[%clk 01:30:26]} {[%emt 00:00:07]} d5 {[%clk 01:29:25]} {[%emt
00:00:08]} 6. e5 {[%clk 01:25:11]} {[%emt 00:05:45]} Nc6 {[%clk 01:29:17]}
{[%emt 00:00:36]} 7. Nc3 {[%clk 01:24:46]} {[%emt 00:00:57]} Bg4 {[%clk
01:15:53]} {[%emt 00:13:54]} 8. Be2 {[%clk 01:21:16]} {[%emt 00:04:00]} Nh6
{[%clk 01:12:30]} {[%emt 00:03:52]} 9. h3 {[%clk 01:11:16]} {[%emt 00:10:30]}
Bxf3 {[%clk 01:11:01]} {[%emt 00:01:59]} 10. Bxf3 {[%clk 01:10:58]} {[%emt
00:00:49]} Nf5 {[%clk 01:10:43]} {[%emt 00:00:48]} 11. Ne2 {[%clk 01:01:15]}
{[%emt 00:10:12]} Nh4 {[%clk 01:05:06]} {[%emt 00:06:08]} 12. Qb3 {[%clk
00:58:50]} {[%emt 00:02:55]} Nxf3+ {[%clk 00:59:13]} {[%emt 00:06:23]} 13. Qxf3
{[%clk 00:52:58]} {[%emt 00:06:22]} O-O {[%clk 00:52:40]} {[%emt 00:07:03]} 14.
O-O {[%clk 00:37:52]} {[%emt 00:15:36]} e6 {[%clk 00:46:21]} {[%emt 00:06:50]}
15. Bd2 {[%clk 00:35:16]} {[%emt 00:03:05]} Qh4 {[%clk 00:36:54]} {[%emt
00:09:53]} 16. Qe3 {[%clk 00:31:02]} {[%emt 00:04:47]} Rae8 {[%clk 00:25:55]}
{[%emt 00:11:28]} 17. Bc3 {[%clk 00:23:48]} {[%emt 00:07:46]} f6 {[%clk
00:24:07]} {[%emt 00:02:17]} 18. exf6 {[%clk 00:21:37]} {[%emt 00:02:42]} Rxf6
{[%clk 00:23:50]} {[%emt 00:00:47]} 19. Rad1 {[%clk 00:20:11]} {[%emt
00:01:56]} Bh6 {[%clk 00:22:38]} {[%emt 00:01:42]} 20. Qg3 {[%clk 00:17:58]}
{[%emt 00:02:42]} Qh5 {[%clk 00:20:19]} {[%emt 00:02:49]} 21. Qd3 {[%clk
00:17:03]} {[%emt 00:01:27]} Ref8 {[%clk 00:19:26]} {[%emt 00:01:23]} 22. Ng3
{[%clk 00:15:37]} {[%emt 00:01:55]} Qh4 {[%clk 00:18:57]} {[%emt 00:00:57]} 23.
Rde1 {[%clk 00:12:04]} {[%emt 00:04:05]} Bf4 {[%clk 00:18:12]} {[%emt
00:01:15]} 24. a4 {[%clk 00:09:01]} {[%emt 00:03:33]} Qg5 {[%clk 00:15:22]}
{[%emt 00:03:20]} 25. Ne2 {[%clk 00:07:38]} {[%emt 00:01:53]} Bd6 {[%clk
00:15:24]} {[%emt 00:00:28]} 26. Bd2 {[%clk 00:05:12]} {[%emt 00:02:56]} Qh4
{[%clk 00:15:11]} {[%emt 00:00:43]} 27. Qe3 {[%clk 00:05:29]} {[%emt 00:00:13]}
Kg7 {[%clk 00:13:17]} {[%emt 00:02:24]} 28. Qg5 {[%clk 00:04:51]} {[%emt
00:01:08]} Qxg5 29. Bxg5 {[%clk 00:05:20]} Rf5 {[%clk 00:10:04]} {[%emt
00:00:51]} 30. Be3 {[%clk 00:05:37]} {[%emt 00:00:12]} e5 {[%clk 00:07:47]}
{[%emt 00:02:47]} 31. dxe5 {[%clk 00:05:03]} {[%emt 00:01:04]} Bxe5 {[%clk
00:08:08]} {[%emt 00:00:10]} 32. Rd1 {[%clk 00:04:00]} {[%emt 00:01:33]} Rd8
{[%clk 00:06:16]} {[%emt 00:02:21]} 33. f4 {[%clk 00:01:46]} {[%emt 00:02:44]}
1/2-1/2

[Event "DEM U16 2024"]
[Site "Willingen GER"]
[Date "2024.05.23"]
[Round "7"]
[White "Strehse, Nelson"]
[Black "Bräutigam, Alexander"]
[Result "1-0"]
[Termination "normal"]
[Board "4"]
[WhiteElo "2156"]
[BlackElo "2134"]
[WhiteClock "00:14:56"]
[BlackClock "00:01:22"]
[PlyCount "159"]
[WhiteFideId "16228898"]
[BlackFideId "16245210"]
[EventCountry "GER"]
[EventRounds "9"]
[EventType "swiss"]
[EventDate "2024.05.18"]

1. e4 {[%clk 01:30:56]} {[%emt 00:00:04]} c5 {[%clk 01:30:55]} {[%emt
00:00:06]} 2. c3 {[%clk 01:31:20]} {[%emt 00:00:05]} d5 {[%clk 01:31:21]}
{[%emt 00:00:04]} 3. exd5 {[%clk 01:31:46]} {[%emt 00:00:05]} Qxd5 {[%clk
01:31:46]} {[%emt 00:00:05]} 4. d4 {[%clk 01:32:06]} {[%emt 00:00:09]} g6
{[%clk 01:32:12]} {[%emt 00:00:05]} 5. Nf3 {[%clk 01:32:18]} {[%emt 00:00:17]}
Bg7 {[%clk 01:32:30]} {[%emt 00:00:13]} 6. Nbd2 {[%clk 01:31:43]} {[%emt
00:01:05]} cxd4 {[%clk 01:29:23]} {[%emt 00:03:37]} 7. Bc4 {[%clk 01:32:01]}
{[%emt 00:00:11]} Qd8 {[%clk 01:27:19]} {[%emt 00:02:35]} 8. Nxd4 {[%clk
01:32:16]} {[%emt 00:00:14]} Nf6 {[%clk 01:27:21]} {[%emt 00:00:28]} 9. O-O
{[%clk 01:32:29]} {[%emt 00:00:17]} O-O {[%clk 01:27:35]} {[%emt 00:00:17]} 10.
N2f3 {[%clk 01:31:58]} {[%emt 00:01:00]} Qc7 {[%clk 01:17:18]} {[%emt
00:10:48]} 11. Qe2 {[%clk 01:31:46]} {[%emt 00:00:40]} a6 {[%clk 01:15:38]}
{[%emt 00:02:12]} 12. Bb3 {[%clk 01:31:19]} {[%emt 00:00:56]} Bg4 {[%clk
01:12:14]} {[%emt 00:03:52]} 13. Re1 {[%clk 01:28:42]} {[%emt 00:03:08]} e6
{[%clk 01:05:45]} {[%emt 00:07:01]} 14. Bg5 {[%clk 01:26:36]} {[%emt 00:02:35]}
Nbd7 {[%clk 01:02:45]} {[%emt 00:03:30]} 15. h3 {[%clk 01:08:28]} {[%emt
00:18:37]} Bxf3 {[%clk 01:00:59]} {[%emt 00:02:18]} 16. Nxf3 {[%clk 01:07:31]}
{[%emt 00:01:26]} Nc5 {[%clk 00:59:22]} {[%emt 00:02:08]} 17. Bc2 {[%clk
01:07:46]} {[%emt 00:00:14]} Nd5 {[%clk 00:58:28]} {[%emt 00:01:25]} 18. Rad1
{[%clk 01:06:31]} {[%emt 00:01:43]} b5 {[%clk 00:52:19]} {[%emt 00:06:40]} 19.
h4 {[%clk 01:02:34]} {[%emt 00:04:27]} h6 {[%clk 00:26:40]} {[%emt 00:26:09]}
20. Bc1 {[%clk 01:01:23]} {[%emt 00:01:40]} Nf4 {[%clk 00:26:24]} {[%emt
00:00:46]} 21. Bxf4 {[%clk 01:00:37]} {[%emt 00:01:18]} Qxf4 {[%clk 00:26:46]}
{[%emt 00:00:07]} 22. h5 {[%clk 01:00:59]} {[%emt 00:00:08]} gxh5 {[%clk
00:24:30]} {[%emt 00:02:46]} 23. Nd4 {[%clk 00:45:51]} {[%emt 00:15:37]} Rfe8
{[%clk 00:21:37]} {[%emt 00:03:24]} 24. Qxh5 {[%clk 00:42:51]} {[%emt
00:03:30]} Qg5 {[%clk 00:18:15]} {[%emt 00:03:53]} 25. Qh3 {[%clk 00:40:41]}
{[%emt 00:02:40]} Rad8 {[%clk 00:17:11]} {[%emt 00:01:33]} 26. Re3 {[%clk
00:40:23]} {[%emt 00:00:48]} Rd5 {[%clk 00:13:29]} {[%emt 00:04:12]} 27. Rde1
{[%clk 00:36:42]} {[%emt 00:04:11]} Qh5 {[%clk 00:10:26]} {[%emt 00:03:33]} 28.
Qxh5 {[%clk 00:29:33]} {[%emt 00:07:39]} Rxh5 {[%clk 00:10:50]} {[%emt
00:00:07]} 29. Nf5 {[%clk 00:29:50]} {[%emt 00:00:12]} Rd8 {[%clk 00:10:37]}
{[%emt 00:00:44]} 30. Nxg7 {[%clk 00:29:39]} {[%emt 00:00:41]} Kxg7 {[%clk
00:11:04]} {[%emt 00:00:03]} 31. f3 {[%clk 00:27:42]} {[%emt 00:02:26]} Rhd5
{[%clk 00:08:38]} {[%emt 00:02:56]} 32. Kf1 {[%clk 00:19:56]} {[%emt 00:08:15]}
Kf6 {[%clk 00:07:01]} {[%emt 00:02:08]} 33. R1e2 {[%clk 00:16:33]} {[%emt
00:03:52]} Ke7 {[%clk 00:03:18]} {[%emt 00:04:14]} 34. g3 {[%clk 00:16:54]}
{[%emt 00:00:09]} Kf6 {[%clk 00:02:52]} {[%emt 00:00:57]} 35. Rh2 {[%clk
00:16:54]} {[%emt 00:00:26]} Kg7 {[%clk 00:01:55]} {[%emt 00:01:30]} 36. Rh4
{[%clk 00:16:05]} {[%emt 00:01:19]} Rd2 {[%clk 00:01:21]} {[%emt 00:01:04]} 37.
Re2 {[%clk 00:16:22]} {[%emt 00:00:10]} R2d5 {[%clk 00:01:42]} {[%emt
00:00:11]} 38. Reh2 {[%clk 00:16:06]} {[%emt 00:00:46]} Rh8 {[%clk 00:01:29]}
{[%emt 00:00:44]} 39. Rh5 {[%clk 00:15:58]} {[%emt 00:00:38]} Rxh5 {[%clk
00:01:11]} {[%emt 00:00:49]} 40. Rxh5 {[%clk 00:16:27]} Rc8 {[%clk 00:01:03]}
{[%emt 00:00:37]} 41. Ke2 {[%clk 00:15:37]} {[%emt 00:01:19]} f5 {[%clk
00:21:36]} {[%emt 00:09:58]} 42. Rh4 {[%clk 00:45:18]} {[%emt 00:00:48]} Rd8
{[%clk 00:19:26]} {[%emt 00:02:41]} 43. Rd4 {[%clk 00:44:55]} {[%emt 00:00:52]}
Rxd4 {[%clk 00:18:48]} {[%emt 00:01:09]} 44. cxd4 {[%clk 00:45:24]} {[%emt
00:00:01]} Nb7 {[%clk 00:18:35]} {[%emt 00:00:42]} 45. d5 {[%clk 00:45:32]}
{[%emt 00:00:23]} Kf6 {[%clk 00:18:03]} {[%emt 00:01:01]} 46. dxe6 {[%clk
00:45:54]} {[%emt 00:00:09]} Kxe6 {[%clk 00:18:26]} {[%emt 00:00:08]} 47. Ke3
{[%clk 00:45:59]} {[%emt 00:00:24]} Ke5 {[%clk 00:18:07]} {[%emt 00:00:50]} 48.
f4+ {[%clk 00:45:41]} {[%emt 00:00:48]} Kf6 {[%clk 00:07:05]} {[%emt 00:11:32]}
49. Kd4 {[%clk 00:45:26]} {[%emt 00:00:44]} Nd6 {[%clk 00:04:16]} {[%emt
00:03:19]} 50. Bd3 {[%clk 00:45:32]} {[%emt 00:00:23]} Ke6 {[%clk 00:03:27]}
{[%emt 00:01:20]} 51. b4 {[%clk 00:39:04]} {[%emt 00:06:58]} Ne8 {[%clk
00:02:38]} {[%emt 00:01:19]} 52. Be2 {[%clk 00:33:07]} {[%emt 00:06:27]} Kd6
{[%clk 00:02:34]} {[%emt 00:00:34]} 53. Bf3 {[%clk 00:33:01]} {[%emt 00:00:37]}
Nc7 {[%clk 00:01:58]} {[%emt 00:01:06]} 54. Bb7 {[%clk 00:32:35]} {[%emt
00:00:53]} Ne6+ {[%clk 00:01:34]} {[%emt 00:00:56]} 55. Kd3 {[%clk 00:33:00]}
{[%emt 00:00:04]} a5 {[%clk 00:01:46]} {[%emt 00:00:19]} 56. bxa5 {[%clk
00:21:36]} {[%emt 00:11:55]} Nc5+ {[%clk 00:01:52]} {[%emt 00:00:23]} 57. Ke2
{[%clk 00:21:53]} {[%emt 00:00:13]} Kc7 {[%clk 00:00:35]} {[%emt 00:01:47]} 58.
Bg2 {[%clk 00:21:28]} {[%emt 00:00:54]} Na4 {[%clk 00:00:34]} {[%emt 00:00:32]}
59. Kd3 {[%clk 00:21:04]} {[%emt 00:00:53]} Nb2+ {[%clk 00:00:49]} {[%emt
00:00:17]} 60. Kd4 {[%clk 00:20:46]} {[%emt 00:00:47]} Nc4 {[%clk 00:01:03]}
{[%emt 00:00:15]} 61. Kc5 {[%clk 00:20:45]} {[%emt 00:00:32]} Ne3 {[%clk
00:00:44]} {[%emt 00:00:49]} 62. Bf3 {[%clk 00:20:27]} {[%emt 00:00:47]} Kb8
{[%clk 00:00:37]} {[%emt 00:00:38]} 63. Kb6 {[%clk 00:19:59]} {[%emt 00:00:57]}
b4 {[%clk 00:00:47]} {[%emt 00:00:22]} 64. a6 {[%clk 00:17:56]} {[%emt
00:02:33]} Nc4+ {[%clk 00:01:07]} {[%emt 00:00:09]} 65. Kb5 {[%clk 00:17:18]}
{[%emt 00:01:01]} Ne3 {[%clk 00:00:38]} {[%emt 00:01:05]} 66. Kxb4 {[%clk
00:16:12]} {[%emt 00:01:37]} Nf1 {[%clk 00:01:05]} {[%emt 00:00:03]} 67. Kc5
{[%clk 00:16:13]} {[%emt 00:00:28]} Ka7 {[%clk 00:01:21]} {[%emt 00:00:15]} 68.
g4 {[%clk 00:16:11]} {[%emt 00:00:32]} Nh2 {[%clk 00:00:44]} {[%emt 00:01:07]}
69. gxf5 {[%clk 00:15:07]} {[%emt 00:01:34]} Nxf3 {[%clk 00:01:11]} {[%emt
00:00:03]} 70. f6 {[%clk 00:15:29]} {[%emt 00:00:08]} Nh4 {[%clk 00:01:12]}
{[%emt 00:00:29]} 71. f5 {[%clk 00:15:53]} {[%emt 00:00:07]} Nf3 {[%clk
00:01:05]} {[%emt 00:00:36]} 72. f7 {[%clk 00:15:30]} {[%emt 00:00:52]} Ne5
{[%clk 00:01:28]} {[%emt 00:00:08]} 73. f8=N {[%clk 00:15:44]} {[%emt
00:00:15]} Kxa6 {[%clk 00:01:09]} {[%emt 00:00:50]} 74. Kd5 {[%clk 00:15:42]}
{[%emt 00:00:31]} Ng4 {[%clk 00:00:52]} {[%emt 00:00:48]} 75. Nd7 {[%clk
00:13:38]} {[%emt 00:02:34]} Ne3+ {[%clk 00:00:51]} {[%emt 00:00:31]} 76. Ke4
{[%clk 00:13:36]} {[%emt 00:00:31]} Nxf5 {[%clk 00:01:17]} {[%emt 00:00:05]}
77. Kxf5 {[%clk 00:13:50]} {[%emt 00:00:16]} Kb5 {[%clk 00:01:43]} {[%emt
00:00:04]} 78. Ne5 {[%clk 00:14:09]} {[%emt 00:00:11]} Kb4 {[%clk 00:01:17]}
{[%emt 00:00:56]} 79. Nd3+ {[%clk 00:14:32]} {[%emt 00:00:06]} Ka3 {[%clk
00:01:22]} {[%emt 00:00:26]} 80. Nc1 {[%clk 00:14:56]} {[%emt 00:00:06]} 1-0